Cultores y forjadores de México /
Este libro incluye una serie de biografías de mexicanos que tienen como punto en común que todos los personajes que incluye la obra han sido innovadores en algo en México.
Guardado en:
| Autor principal: | |
|---|---|
| Formato: | Libro |
| Idioma: | Español |
| Temas: | |
| Etiquetas: |
Sin etiquetas, Sé el primero en etiquetar este registro!
|
MARC
| LEADER | 00000nam^a2200000^a^4500 | ||
|---|---|---|---|
| 001 | 000127639 | ||
| 005 | 20250521000000.0 | ||
| 009 | 20260310094809.379 | ||
| 037 | |a Acervo ITESO - Biblioteca | ||
| 041 | |a ESP | ||
| 082 | |a 972. 0092 |b TEJ | ||
| 100 | |a Tejera, Humberto |e (autor) | ||
| 245 | 1 | 0 | |a Cultores y forjadores de México / |c H. Tejera. |
| 264 | |a México : |b Talleres Gráficos de la Nación, |c 1929 | ||
| 300 | |a XI, 149 p. | ||
| 336 | |a texto |b txt |2 rdacontenido | ||
| 337 | |a sin mediación |b n |2 rdamedio | ||
| 338 | |a volumen |b nc |2 rdasoporte | ||
| 520 | |a Este libro incluye una serie de biografías de mexicanos que tienen como punto en común que todos los personajes que incluye la obra han sido innovadores en algo en México. | ||
| 649 | |a XX | ||
| 650 | |a Mexicanos - |x Biografías | ||
| 650 | |a Biografías | ||
| 650 | |a México - |x Historia | ||
| 910 | |a Fondo Salvador Reynoso Reynoso | ||
| 920 | |a Impresos - Libros | ||
| 930 | |a Fondos Especiales | ||
| 905 | |a 112 | ||
| 901 | |a 0800009287 |b IT2 |c ESP |u 20250521 | ||
| 902 | |a https://opac.biblio.iteso.mx/vufind/Record/000127639 | ||